LEADER 01202oam 2200325z- 450 001 9910694333903321 005 20130604090122.0 035 $a(CKB)5470000000935668 035 $a(WsH)cbhtepqss 035 $a(BIP)016979045 035 $a(EXLCZ)995470000000935668 100 $a20211006c2007uuuu -u- - 101 0 $aeng 200 14$aThe Department of Defense and the fiscal year 2008 budget $ehearing before the Committee on the Budget, House of Representatives, One Hundred Tenth Congress, first session, hearing held in Washington, DC, March 6, 2007 215 $a1 online resource (iii, 52 p.) $cill 311 $a0-16-079659-8 517 $aDepartment of Defense and the fiscal year 2008 budget 606 $aBudget$xLaw and legislation$zUnited States 607 $aUnited States$xAppropriations and expenditures, 2008 610 $aUnited States 610 $aBudget 610 $aGovernment purchasing 610 $aHistory 610 $aPolitical science 610 $aBusiness & economics 615 0$aBudget$xLaw and legislation 906 $aBOOK 912 $a9910694333903321 996 $aThe Department of Defense and the fiscal year 2008 budget$93176495 997 $aUNINA LEADER 01975nam0 22004333i 450 001 RAV0741002 005 20251003044330.0 010 $a8830710032 100 $a20130827d2001 ||||0itac50 ba 101 | $aita 102 $ait 181 1$6z01$ai $bxxxe 182 1$6z01$an 200 1 $aNuove regole per il nuovo millennio$f relazioni di! M. Agostinelli ... et al.! 210 $aBologna$cEMI$d 2001! 215 $a154 p.$d21 p 225 | $aSviluppo, ambiente, pace 300 $aConvegno tenuto a Firenze nel 2000. 410 0$1001LO10309788$12001 $aSviluppo, ambiente, pace 606 $aCooperazione internazionale$xCongressi$x2000$2FIR$3CFIC125562$9I 606 $aEconomia mondiale$xCongressi$x2000$2FIR$3CFIC125563$9I 676 $a303.4$9CAMBIAMENTO SOCIALE$v21 676 $a327.17$9RELAZIONI INTERNAZIONALI. COOPERAZIONE INTERNAZIONALE$v19 676 $a327.17$9COOPERAZIONE INTERNAZIONALE$v21 696 $aConvegni$aCongressi e convegni 696 $aConvegni$aCongressi e convegni 699 $aCongressi$yConvegni 699 $aCongressi$yCongressi e convegni 699 $aCongressi$yConvegni 699 $aCongressi$yCongressi e convegni 702 1$aAgostinelli$b, Mario$3LO1V164893 801 3$aIT$bIT-000000$c20130827 850 $aIT-BN0095 901 $bNAP 01$cPOZZO LIB.$nVi sono collocati fondi di economia, periodici di ingegneria e scienze, periodici di economia e statistica e altri fondi comprendenti documenti di economia pervenuti in dono. 912 $aRAV0741002 950 0$aBiblioteca Centralizzata di Ateneo$c1 v. in due copie$d 01POZZO LIB.ECON MON 3934$e 01C 0008005835E VMA 1 v.$fB $h20130411$i20130411$c1 v. in due copie$d 01POZZO LIB.ECON MON 3934$e 01C 0008005845E VMA (bis 1 v. (2. copia)$fB $h20130411$i20130411 977 $a 01 996 $aNuove regole per il nuovo millennio$91574486 997 $aUNISANNIO